000 01114cam a22003737c 4500
001 5105066
003 DO-SdBPM
005 20250617082552.0
007 ta
008 110908s2008 sp a | |||| 000 0 spa
017 _a
_b
020 _a9788466725569
035 _a
040 _aDO-SdBPM
_bspa
_cBPMSU
_erda
080 _a
082 4 _a863.6
_bG47o 2008
_222
100 1 _aGisbert, Joan Manuel
_d1949-
245 1 3 _aOrión y los animales magos /
_cJoan Manuel Gisbert ; ilustraciones Francisco Solé
_h
264 _aMadrid :
_bGrupo anaya,
_c2008
300 _a134 páginas :
_b ilustraciones ;
_c23 cm
336 _atexto
_btxt
_2rdaconten
337 _asin meditación
_bn
_2rdamedia
338 _avolumen
_bnc
_2rdacarrier
490 0 _aSopa de libros,
_v86
500 _a
521 _aA partir de 8 años.
590 _aInventariado, 2025/VM
650 7 _aCuentos infantiles españoles
650 7 _a Literatura infantil española
_v
_2
700 1 _aSolé, Francisco
_eilustraciones
910 _aVMateo V. Control de calidad. BPMSU
942 _2ddc
_cBK
945 _a
999 _c15177
_d15177